ბათუმის შოთა რუსთაველის სახელმწიფო უნივერსიტეტის ბიბლიოთეკა

მანფრედი. კაენი. ჩაილდ ჰაროლდის მოგზაურობა (ბიბ.ჩანაწერი № 56088)

000 -LEADER
fixed length control field 00813nam a2200217Ia 4500
001 - CONTROL NUMBER
control field 23188
003 - CONTROL NUMBER IDENTIFIER
control field GE_BSU
008 - FIXED-LENGTH DATA ELEMENTS--GENERAL INFORMATION
fixed length control field 181216s||||||||xx |||||||||||||| ||und||
040 ## - CATALOGING SOURCE
Transcribing agency GE_BSU
080 ## - UNIVERSAL DECIMAL CLASSIFICATION NUMBER
Universal Decimal Classification number 821.111-11
100 ## - MAIN ENTRY--PERSONAL NAME
Personal name ბაირონი
245 ## - TITLE STATEMENT
Title მანფრედი. კაენი. ჩაილდ ჰაროლდის მოგზაურობა
245 ## - TITLE STATEMENT
Statement of responsibility, etc. თარგმანი [და წინასიტყვაობა] კ. ჭიჭინაძისა
260 ## - PUBLICATION, DISTRIBUTION, ETC.
Place of publication, distribution, etc. თბილისი
260 ## - PUBLICATION, DISTRIBUTION, ETC.
Name of publisher, distributor, etc. სახელგამი
260 ## - PUBLICATION, DISTRIBUTION, ETC.
Date of publication, distribution, etc. 1948
300 ## - PHYSICAL DESCRIPTION
Extent 199გვ. ; 21სმ.
653 ## - INDEX TERM--UNCONTROLLED
Uncontrolled term მანფრედი. კაენი. ჩაილდ ჰაროლდის მოგზაურობა
942 ## - ADDED ENTRY ELEMENTS (KOHA)
Koha item type წიგნი
ეგზემპლარები
Withdrawn status Lost status Damaged status Not for loan Date acquired Barcode Date last seen Price effective from Koha item type Public note
        2018-12-17 00026 ქსეროქსი 2018-12-17 2018-12-17 წიგნი 6ლ.90თ.
        2018-12-17 00025 ქსეროქსი 2018-12-17 2018-12-17 წიგნი 6ლ.90თ.